[Event "CAT-chT 2020"]
[Site "Catalonia"]
[Date "2020.02.01"]
[Round "3.10"]
[White "Pau Plana, Albert"]
[Black "Llopis de Aysa, Manuel"]
[Result "1-0"]
[WhiteElo "1934"]
[BlackElo "2066"]
[Annotator "NA RC"]
[PlyCount "111"]
[EventDate "2020.01.18"]
[EventType "team-tourn"]
[EventCountry "ESP"]
[SourceTitle "playchess.com"]
[Source "ChessBase"]
[SourceQuality "1"]
[TimeControl "5400+30"]

1. d4 {[%emt 0:00:00]} g6 {[%emt 0:00:00]} 2. c4 {[%emt 0:01:09]} Bg7 {[%emt 0:00:00]} 3. Nc3 {[%emt 0:00:20]} d6 {[%emt 0:00:13]} 4. e4 {[%emt 0:03:25]} e5 {[%emt 0:00:18]} 5. d5 {[%emt 0:02:06]} a5 {[%emt 0:00:16]} 6. Be3 {[%emt 0:01:59]} Na6 {[%emt 0:00:26] A42: Modern Defence: Averbakh Variation} 7. h3 {[%emt 0:06:57]} Nf6 {[%emt 0:16:16]} 8. g4 {[%emt 0:03:30] [#]} h5 $146 {[%emt 0:02:48]} ({Predecessor:} 8... Nd7 9. Nge2 Bf6 10. Qd2 h6 11. O-O-O Bg5 12. f4 exf4 13. Nxf4 Ne5 14. Be2 Qe7 {0-1 (41) Batsiashvili,N (2447)-Praggnanandhaa,R (2586) Sitges 2019}) 9. g5 {[%emt 0:04:53]} Nh7 {[%emt 0:00:24]} 10. h4 {[%emt 0:01:10]} f6 {[%emt 0:15:13]} 11. Qd2 {[%emt 0:13:10]} O-O {[%emt 0:04:56]} 12. Bh3 {[%emt 0:03:24]} f5 {[%emt 0:09:38]} 13. exf5 {[%emt 0:04:21]} Bxf5 {[%emt 0:00:11]} 14. Bxf5 {[%emt 0:08:20]} Rxf5 {[%emt 0:00:08]} 15. Nge2 {[%emt 0:01:26]} Nf8 {[%emt 0:07:04]} 16. Ng3 {[%emt 0:01:23]} Rf7 {[%emt 0:03:26]} 17. O-O-O {[%emt 0:01:37]} Qd7 {[%emt 0:03:22]} 18. Qe2 {[%emt 0:05:16]} a4 {[%emt 0:02:33]} 19. Nge4 {[%emt 0:06:35]} b6 {[%emt 0:04:19]} 20. Rdg1 {[%emt 0:05:26]} Qf5 {[%emt 0:03:45]} 21. Ng3 {[%emt 0:01:02]} Qf3 {[%emt 0:07:02]} 22. Qxf3 {[%emt 0:01:08]} Rxf3 {[%emt 0:00:03]} 23. Nge4 {[%emt 0:02:49]} Nd7 {[%emt 0:04:05]} 24. Kd2 {[%emt 0:02:00]} Nac5 {[%emt 0:02:19]} 25. Ke2 {[%emt 0:01:19]} Rf7 {[%emt 0:01:31]} 26. Rb1 {[%emt 0:02:58]} Nxe4 {[%emt 0:03:13]} 27. Nxe4 {[%emt 0:00:04]} Nc5 {[%emt 0:00:48]} 28. Nxc5 {[%emt 0:02:36]} bxc5 {[%emt 0:00:50]} 29. Kd3 {[%emt 0:00:34]} e4+ {[%emt 0:04:07]} 30. Kxe4 {[%emt 0:00:46]} Re8+ {[%emt 0:00:56]} (30... Be5 $11) 31. Kd3 {[%emt 0:00:08]} Bd4 {[%emt 0:00:52]} 32. Rh3 {[%emt 0:03:16]} Ref8 {[%emt 0:01:16]} 33. b4 {[%emt 0:01:37]} axb3 {[%emt 0:00:19]} 34. Rxb3 {[%emt 0:00:14]} Ra8 {[%emt 0:01:09]} 35. a3 {[%emt 0:01:40]} Bxe3 {[%emt 0:01:27]} 36. fxe3 {[%emt 0:00:23]} Rf1 {[%emt 0:00:42]} 37. Rh2 {[%emt 0:01:41]} Rd1+ {[%emt 0:00:32]} 38. Kc2 {[%emt 0:00:49]} Rf1 {[%emt 0:00:31]} 39. Kb2 {[%emt 0:01:08]} Re8 {[%emt 0:00:54]} (39... Rf3 $11) 40. a4 {[%emt 0:02:01]} Re4 {[%emt 0:00:46]} 41. a5 {[%emt 0:01:07]} Rxc4 $2 {[%emt 0:00:19]} (41... Rf8 $16 {is a better chance.}) 42. a6 {[%emt 0:00:09]} Ra4 {[%emt 0:01:11]} 43. Ra3 {[%emt 0:00:08]} Rb4+ {[%emt 0:00:28]} 44. Kc3 {[%emt 0:02:39]} Rf8 {[%emt 0:00:37]} 45. a7 {[%emt 0:00:58]} Ra8 {[%emt 0:00:13]} 46. Rb2 {[%emt 0:00:58]} Rxb2 {[%emt 0:00:13]} 47. Kxb2 {[%emt 0:00:07]} Kf7 {[%emt 0:00:17]} 48. Kc3 {[%emt 0:00:25]} Ke7 {[%emt 0:00:41]} 49. Kc4 {[%emt 0:00:14]} Kd7 {[%emt 0:00:34]} 50. Kb5 {[%emt 0:00:18]} Kc8 {[%emt 0:01:13]} 51. Ka6 {[%emt 0:01:05]} c6 {[%emt 0:00:30]} 52. dxc6 $18 {[%emt 0:00:50]} (52. e4 $142 cxd5 53. exd5 Kc7 54. Rf3 Kd7 55. Rf7+ Ke8 56. Rb7 Rxa7+ 57. Kxa7) 52... Kc7 {[%emt 0:00:11]} 53. Rb3 {[%emt 0:01:02]} c4 {[%emt 0:00:43]} 54. Rb7+ {[%emt 0:00:42]} Kxc6 {[%emt 0:00:38]} 55. Rb8 {[%emt 0:00:19]} Rxa7+ {[%emt 0:00:21]} 56. Kxa7 {[%emt 0:00:06]} 1-0

[Event "CAT-chT 2020"]
[Site "Catalonia"]
[Date "2020.02.08"]
[Round "4.1"]
[White "Pichot, Alan"]
[Black "Martinez Ramirez, Lennis"]
[Result "1-0"]
[WhiteElo "2606"]
[BlackElo "2437"]
[Annotator "TA"]
[PlyCount "153"]
[EventDate "2020.01.18"]
[EventType "team-tourn"]
[EventCountry "ESP"]
[SourceTitle "playchess.com"]
[Source "ChessBase"]
[SourceQuality "1"]

{[%evp 17,153,-1,12,17,19,0,25,30,46,54,43,49,48,51,70,59,62,65,133,141,148,138,134,136,100,93,171,176,184,182,490,112,128,104,92,96,125,189,208,192,221,206,225,216,229,233,208,214,216,206,222,205,208,201,208,182,152,152,247,252,211,108,108,65,145,165,274,278,260,268,517,496,685,672,1034,744,670,1093,1040,1027,1019,968,971,1005,760,804,1523,994,938,864,1565,1535,2909,2234,4134,2272,6303,9818,29978,29979,29980,29981,29982,29983,29982,29983,29986,29984,29987,29986,29984,29985,29988,29986,29986,29984,29985,29986,29986,29987,29988,29989,29990,29986,29986,29987,29987,29987,29987,29988,29988,29989,29990,29991,29992,29991,29991,29991]} 1. e4 e6 2. d4 d5 3. Nc3 Bb4 4. e5 c5 5. a3 Bxc3+ 6. bxc3 Qa5 7. Bd2 Qa4 8. Qg4 Kf8 9. h4 Ne7 10. h5 $1 {[%mdl 4] is more profitable than 10.Rh3 at the moment. C18: French: 3 Nc3 Bb4: Main line: 7 h4 and 7 Qg4.} h6 $1 11. Rh3 Nbc6 12. Qf4 {White has an edge.} c4 13. Rf3 {[%csl Gf3][%cal Rf4f7]} Nd8 $1 14. Kd1 {[#]} a5 $146 ({Predecessor:} 14... Ke8 15. g4 a5 16. Ne2 b5 17. Bh3 Rh7 18. Ra2 Ra7 19. Qg3 Ndc6 20. Nc1 Bd7 {1-0 (45) Gierden,H (2294)-Jonsson,K (2331) ICCF email 2017}) 15. g4 Ra6 16. g5 Nf5 17. Bh3 Nc6 ({Black should try} 17... hxg5 $14 18. Qxg5 Qe8) 18. Bxf5 exf5 19. gxh6 gxh6 20. e6 Bxe6 21. Rg3 Bc8 (21... Ke8 $16) 22. Re3 $18 {Threatening mate with Qd6+.} Be6 23. Rb1 $1 {Black must now prevent Rxe6!} Qxa3 $2 {[#]} (23... Nd8 24. Qe5 Rg8) 24. Rxb7 $2 (24. Rxe6 $1 $18 {[%mdl 512] and the rest is easy.} fxe6 25. Rxb7) 24... Nd8 $16 25. Rg3 {Qxh6+! would kill now.} Ke8 {[#]} ({Avoid the trap} 25... Qa1+ $2 26. Ke2 $18) 26. Qxh6 $1 {[%mdl 512]} Qf8 (26... Rxh6 27. Rg8+) 27. Qxf8+ Kxf8 28. Rb8 Ke7 29. h6 $1 {aiming for Rg7.} a4 {[#]} 30. Kc1 $1 a3 31. Kb1 f4 32. Bxf4 Bf5 33. Bg5+ Kd7 34. Nf3 Bxc2+ 35. Ka2 f6 36. Bf4 Bb3+ 37. Kb1 Re6 (37... Bc2+ $16 {was necessary.} 38. Ka2 (38. Kxc2 a2 $11) 38... Bb3+ 39. Kb1 Bc2+ 40. Ka2 (40. Kxc2 a2 $11)) 38. Rg7+ $18 Re7 {[#]} 39. Rxe7+ (39. Ra8 $1 $18 {[%cal Ra8a7] Hoping for Ra7+.} Rxg7 40. hxg7) 39... Kxe7 $16 40. Nd2 Bd1 (40... a2+ $14 41. Ka1 Nf7) 41. Nf1 Bf3 (41... Bb3 $142 42. Ra8 a2+ 43. Kb2 Nf7 44. Rxh8 Nxh8) 42. Ne3 $18 Be4+ 43. Ka2 Nf7 $2 (43... Ke6 44. Kxa3 Kd7) 44. Rb7+ Ke8 45. Ng4 Bf5 46. Nxf6+ {[%mdl 64] Double Attack} Kf8 47. Rb8+ (47. Nxd5 $142 Rxh6 48. Bxh6+ Nxh6 49. Rb6) 47... Ke7 48. Nxd5+ Ke6 49. Rxh8 Nxh8 {[%mdl 4096] Endgame KBN-KBN} 50. Ne3 Bd3 51. Kxa3 Ng6 52. Bg5 Nf8 53. Kb4 Kf7 54. Nxc4 Bf1 55. Ne3 Bh3 56. d5 Kg6 57. f4 Bd7 58. c4 {White mates.} Kf7 59. c5 Bc8 60. c6 Kg6 61. Kc5 Bh3 62. Nc4 Nh7 63. Nd6 Nf8 64. Kd4 Bg4 65. c7 Bd7 66. Nc4 Bh3 67. Ne5+ Kh7 68. d6 Ne6+ 69. Kc3 Nc5 70. Kc4 Nd7 71. Nxd7 Bxd7 {KB-KB} 72. Kb4 Kg6 73. Ka5 Kf7 74. Ka6 Ke6 75. h7 Kxd6 {[#]} 76. c8=Q $1 {[%mdl 64] Promotion} Bxc8+ 77. Ka5 {Accuracy: White = 85%, Black = 52%.} 1-0

[Event "CAT-chT 2020"]
[Site "Catalonia"]
[Date "2020.02.08"]
[Round "4.1"]
[White "Gonzalez Garcia, Jose"]
[Black "Perez Mitjans, Orelvis"]
[Result "1/2-1/2"]
[WhiteElo "2494"]
[BlackElo "2421"]
[Annotator "ChessBase"]
[PlyCount "63"]
[EventDate "2020.01.18"]
[EventType "team-tourn"]
[EventCountry "ESP"]
[SourceTitle "playchess.com"]
[Source "ChessBase"]
[SourceQuality "1"]
[TimeControl "5400+30"]

1. d4 c5 2. d5 Nf6 3. Nc3 d6 4. e4 g6 5. Nf3 Bg7 6. Be2 O-O 7. O-O Bg4 8. Nd2 Bxe2 9. Qxe2 Na6 10. Nc4 Nc7 11. a4 a6 12. a5 Nd7 13. Bg5 Nb5 14. Na4 Qe8 15. c3 e5 16. Na3 Nxa3 17. Rxa3 f5 18. c4 f4 19. f3 Bf6 20. Bxf6 Rxf6 21. Qd2 Qd8 22. b4 Qc7 23. Rb1 g5 24. bxc5 Nxc5 25. Qb4 Nxa4 26. Rxa4 Rf7 27. Qb6 Rc8 28. Qxc7 Rcxc7 29. Rb6 Rfd7 30. Rab4 Kf8 31. h3 Ke7 32. Kf2 1/2-1/2

[Event "CAT-chT 2020"]
[Site "Catalonia"]
[Date "2020.02.08"]
[Round "4.2"]
[White "Fluvia Poyatos, Joan"]
[Black "Comas Fabrego, Lluis"]
[Result "1/2-1/2"]
[WhiteElo "2462"]
[BlackElo "2465"]
[Annotator "ChessBase"]
[PlyCount "114"]
[EventDate "2020.01.18"]
[EventType "team-tourn"]
[EventCountry "ESP"]
[SourceTitle "playchess.com"]
[Source "ChessBase"]
[SourceQuality "1"]
[TimeControl "5400+30"]

1. d4 e6 2. e4 d5 3. exd5 exd5 4. Nf3 Nc6 5. Bb5 Bd6 6. c4 dxc4 7. d5 a6 8. Ba4 b5 9. dxc6 bxa4 10. O-O Ne7 11. Nbd2 O-O 12. Nxc4 Nxc6 13. Qxa4 Qd7 14. Rd1 Nd4 15. Qxd7 Nxf3+ 16. gxf3 Bxd7 17. Nxd6 cxd6 18. Rxd6 Be6 19. Be3 a5 20. a4 Rfb8 21. Bd4 Rd8 22. Rxd8+ Rxd8 23. Bc3 Rd5 24. f4 f6 25. Kf1 Kf7 26. Ke2 Bc8 27. Ke3 Ba6 28. f3 Rd3+ 29. Kf2 Rd5 30. Rc1 Ke6 31. Be1 Kd7 32. Bc3 Ke6 33. Re1+ Kf7 34. h4 Bc4 35. Rc1 Bb3 36. Ra1 Bc2 37. Ke3 Rd3+ 38. Ke2 Rd5 39. Ra3 Rd3 40. Ra2 Rd5 41. Kf2 Bb3 42. Ra3 Bc2 43. Ra1 h6 44. Ra2 Bb3 45. Ra3 Bc2 46. Ra1 Kg6 47. Kg3 Kf7 48. Be1 Rd1 49. Rxd1 Bxd1 50. Bxa5 Bxa4 51. f5 h5 52. Kf4 Bc6 53. Bc3 g6 54. Ke3 gxf5 55. f4 Ke6 56. Kd4 Kd7 57. Kc5 Kc7 1/2-1/2

[Event "CAT-chT 2020"]
[Site "Catalonia"]
[Date "2020.02.08"]
[Round "4.2"]
[White "Martin Gonzalez, Angel"]
[Black "Peralta, Fernando"]
[Result "0-1"]
[WhiteElo "2319"]
[BlackElo "2574"]
[Annotator "TA"]
[PlyCount "86"]
[EventDate "2020.01.18"]
[EventType "team-tourn"]
[EventCountry "ESP"]
[SourceTitle "playchess.com"]
[Source "ChessBase"]
[SourceQuality "1"]

{[%evp 21,86,20,14,0,12,0,0,0,0,0,0,0,0,-17,-18,-18,-13,-18,-13,-15,-6,-12,-12,-15,-14,-18,-13,-27,-28,-29,-17,-24,-8,-57,-20,-27,-19,-19,-23,-180,-168,-168,-175,-174,-173,-158,-150,-408,-403,-2758,-2717,-2221,-1527,-5191,-5153,-5109,-5102,-12795,-11325,-29981,-29982,-29982,-29983,-29991,-29992,-29992,-29989]} 1. e4 e6 2. d4 d5 3. Nc3 Nf6 4. Bg5 dxe4 5. Nxe4 Nbd7 6. Nf3 h6 7. Nxf6+ Nxf6 8. Bh4 c5 9. Bb5+ Bd7 10. Bxd7+ Qxd7 11. Bxf6 gxf6 12. dxc5 {C10: French with 3 Nc3: Unusual Black 3rd moves and 3...dxe4.} Bxc5 13. Qxd7+ Kxd7 14. Rd1+ {The position is equal.} Ke7 15. Ke2 Rhd8 {[#]} 16. c4 $146 ({Predecessor:} 16. g4 Rxd1 {½-½ (16) Brkic,A (2306)-Rasic,D (2342) Neum 2002}) 16... a5 17. Rd2 (17. b3 {with more complications.} f5 18. g3 h5 19. a4 Kf6 20. Nh4) 17... Rxd2+ 18. Nxd2 $11 {[%mdl 4096] Endgame KRB-KRN} a4 19. Nf3 Rd8 20. Rc1 e5 21. Nh4 Ke6 22. g4 {[#]} h5 $1 {[%mdl 512]} 23. h3 $1 (23. gxh5 Rh8) 23... e4 24. Nf5 Ke5 25. Ng3 hxg4 26. hxg4 Kf4 {White should prevent ...e3.} 27. Nh5+ Kxg4 28. Nxf6+ {[%mdl 64] Double Attack} Kf5 29. Nd5 Rh8 30. b4 $2 (30. Rd1 $11 {and White has nothing to worry.}) 30... axb3 $1 $19 31. axb3 Rh2 32. Rf1 Ke5 33. b4 Bd4 34. b5 $2 (34. Ne7 $17) 34... f5 35. Ne3 (35. Ke1 $142) 35... Bxe3 36. Kxe3 {KR-KR} f4+ 37. Ke2 Kd4 38. Rd1+ Kxc4 39. Rd7 e3 40. Rxb7 Rxf2+ {Black mates.} 41. Ke1 {[#]} Rb2 $1 42. b6 f3 {[%cal Rb2b1]} 43. Rc7+ Kd5 {Accuracy: White = 64%, Black = 97%.} 0-1

[Event "CAT-chT 2020"]
[Site "Catalonia"]
[Date "2020.02.08"]
[Round "4.3"]
[White "Asis Gargatagli, Hipolito"]
[Black "Ayats Llobera, Gerard"]
[Result "1/2-1/2"]
[WhiteElo "2490"]
[BlackElo "2375"]
[Annotator "ChessBase"]
[PlyCount "30"]
[EventDate "2020.01.18"]
[EventType "team-tourn"]
[EventCountry "ESP"]
[SourceTitle "playchess.com"]
[Source "ChessBase"]
[SourceQuality "1"]
[TimeControl "5400+30"]

1. e4 c5 2. Nf3 d6 3. d4 Nf6 4. Nc3 cxd4 5. Nxd4 Nc6 6. Bg5 e6 7. Bb5 Bd7 8. Qd3 Qa5 9. Nb3 Qc7 10. O-O-O a6 11. Bxc6 Bxc6 12. Bxf6 gxf6 13. Qh3 Be7 14. Rhe1 b5 15. Rd4 a5 1/2-1/2

[Event "CAT-chT 2020"]
[Site "Catalonia"]
[Date "2020.02.08"]
[Round "4.3"]
[White "Diaz Camallonga, Carles"]
[Black "Piedra Salabarria, Ernesto"]
[Result "1-0"]
[WhiteElo "2474"]
[BlackElo "2299"]
[Annotator "TA"]
[PlyCount "95"]
[EventDate "2020.01.18"]
[EventType "team-tourn"]
[EventCountry "ESP"]
[SourceTitle "playchess.com"]
[Source "ChessBase"]
[SourceQuality "1"]

{[%evp 20,94,30,29,59,25,29,18,36,29,32,29,33,33,33,33,27,44,58,58,58,33,40,34,55,49,70,47,44,31,50,44,38,10,16,-6,0,-7,0,0,0,8,11,0,200,200,229,242,281,290,295,293,362,366,378,292,289,281,289,286,276,289,354,270,516,516,516,469,1078,1045,1897,1821,1160,627,29998,29999,29999]} 1. e4 c5 2. Nf3 Nc6 3. d4 cxd4 4. Nxd4 g6 5. c4 Nf6 6. Nc3 Nxd4 7. Qxd4 d6 8. Be3 Bg7 9. f3 O-O 10. Qd2 Be6 11. Rc1 a5 {B36: Sicilian: Maroczy Bind: Gurgenidze System.} 12. Be2 a4 13. Kf2 Nd7 {The position is equal.} 14. Rhd1 Qa5 15. Nd5 Bxd5 16. cxd5 Nc5 17. Qxa5 Rxa5 18. Rc2 f5 19. exf5 Rxf5 20. g4 Rf8 {[#]} 21. Kg2 $146 ({Predecessor:} 21. f4 Be5 22. Kf3 Kh8 23. g5 Bxf4 24. Bxf4 e5 25. dxe6 Nxe6 26. Rc4 Raf5 27. Rdd4 Nxd4+ 28. Rxd4 Rxg5 29. Rxa4 {1-0 (34) Yagupov,I (2391)-Kolmagorov,A (2180) Sochi 2019}) 21... Be5 22. h4 b6 {[%cal Bb7b6,Bb6b5,Bb5b4][%mdl 32]} 23. Bd2 Raa8 24. Bb5 Rf7 25. Be3 h5 26. Be2 Raf8 27. Rb1 b5 28. a3 ({Much weaker is} 28. Bxb5 Rxf3 29. Bxc5 Rg3+ 30. Kh1 Rh3+ 31. Kg1 dxc5 $17) 28... Rb8 29. Re1 b4 30. Bxc5 dxc5 31. Bd3 $36 {[%mdl 2112] [#] Discovered Attack. White has some pressure.} Bd4 $2 (31... bxa3 $11 {and Black is okay.} 32. bxa3 (32. Rxe5 axb2 33. Rxc5 hxg4 $11) 32... Bd6) 32. Bxg6 $18 {[%mdl 64] Double Attack} Rg7 {aiming for ...bxa3.} 33. Bxh5 bxa3 34. bxa3 Rb3 35. Ree2 Rh7 36. Kg3 Rxa3 37. Ra2 Be5+ 38. Kg2 Rxa2 39. Rxa2 {[%mdl 4096] Endgame KRB-KRB} Rh6 {Now ...Ra6 and Black clings on.} 40. Rxa4 Rb6 41. g5 Rb2+ $2 (41... Rb4 {was necessary.} 42. Ra8+ Kg7) 42. Kh3 Rd2 43. f4 Bd4 (43... Bc7 $142 44. Bf3 Rb2) 44. Bf3 Rc2 45. h5 {[#] h6 would kill now.} Rc1 46. h6 {Threatening mate with Ra8+.} c4 47. Ra8+ Kf7 48. Bh5# {Accuracy: White = 75%, Black = 60%.} 1-0

[Event "CAT-chT 2020"]
[Site "Catalonia"]
[Date "2020.02.08"]
[Round "4.4"]
[White "Beltran Rueda, Santiago"]
[Black "Moskalenko, Viktor"]
[Result "0-1"]
[WhiteElo "2332"]
[BlackElo "2471"]
[Annotator "ChessBase"]
[PlyCount "56"]
[EventDate "2020.01.18"]
[EventType "team-tourn"]
[EventCountry "ESP"]
[SourceTitle "playchess.com"]
[Source "ChessBase"]
[SourceQuality "1"]
[TimeControl "5400+30"]

1. c4 e5 2. Nc3 Nf6 3. g3 Bb4 4. Bg2 O-O 5. Nf3 e4 6. Nd4 Re8 7. O-O Nc6 8. Nc2 Bxc3 9. dxc3 h6 10. Ne3 d6 11. Qc2 Ne5 12. b3 Neg4 13. h3 Nxe3 14. Bxe3 Qe7 15. Rad1 Bf5 16. Kh2 b6 17. Qc1 Bg6 18. Rfe1 Nd7 19. f4 f5 20. Rd2 h5 21. h4 Nf6 22. Bh3 Qe6 23. Bd4 e3 24. Rd3 Ng4+ 25. Bxg4 fxg4 26. Rxe3 Be4 27. f5 Qxf5 28. Rf1 Qg6 0-1

[Event "CAT-chT 2020"]
[Site "Catalonia"]
[Date "2020.02.08"]
[Round "4.4"]
[White "Cruz, Filemon"]
[Black "Bofill Mas, Alejandro"]
[Result "1/2-1/2"]
[WhiteElo "2302"]
[BlackElo "2323"]
[Annotator "ChessBase"]
[PlyCount "26"]
[EventDate "2020.01.18"]
[EventType "team-tourn"]
[EventCountry "ESP"]
[SourceTitle "playchess.com"]
[Source "ChessBase"]
[SourceQuality "1"]
[TimeControl "5400+30"]

1. Nf3 {[%emt 0:03:44]} c5 {[%emt 0:00:10]} 2. b3 {[%emt 0:01:00]} d6 {[%emt 0:01:50]} 3. g3 {[%emt 0:01:06]} e5 {[%emt 0:00:53]} 4. d3 {[%emt 0:00:51]} g6 {[%emt 0:01:14]} 5. Bb2 {[%emt 0:00:10]} Bg7 {[%emt 0:00:06]} 6. c4 {[%emt 0:03:18]} Ne7 {[%emt 0:00:53]} 7. Nc3 {[%emt 0:00:32]} O-O {[%emt 0:00:59]} 8. Bg2 {[%emt 0:00:31]} Nbc6 {[%emt 0:02:13]} 9. O-O {[%emt 0:02:25]} h6 {[%emt 0:00:46]} 10. Nd2 {[%emt 0:01:35]} Bg4 {[%emt 0:04:05]} 11. h3 {[%emt 0:01:33]} Be6 {[%emt 0:00:33]} 12. Rc1 {[%emt 0:03:21]} Qd7 {[%emt 0:06:27]} 13. Kh2 {[%emt 0:00:49]} f5 {[%emt 0:03:05]} 1/2-1/2

[Event "CAT-chT 2020"]
[Site "Catalonia"]
[Date "2020.02.08"]
[Round "4.5"]
[White "Lorenzo De La Riva, Lazaro"]
[Black "Hapala, Elisabeth"]
[Result "1/2-1/2"]
[WhiteElo "2402"]
[BlackElo "2170"]
[Annotator "ChessBase"]
[PlyCount "145"]
[EventDate "2020.01.18"]
[EventType "team-tourn"]
[EventCountry "ESP"]
[SourceTitle "playchess.com"]
[Source "ChessBase"]
[SourceQuality "1"]
[TimeControl "5400+30"]

1. c4 {[%emt 0:03:01]} Nf6 {[%emt 0:00:41]} 2. Nf3 {[%emt 0:01:47]} e6 {[%emt 0:02:14]} 3. e3 {[%emt 0:01:04]} d5 {[%emt 0:03:35]} 4. b3 {[%emt 0:00:31]} Be7 {[%emt 0:03:32]} 5. Bb2 {[%emt 0:04:34]} O-O {[%emt 0:00:54]} 6. Qc2 {[%emt 0:04:18]} c5 {[%emt 0:01:25]} 7. cxd5 {[%emt 0:04:25]} Nxd5 {[%emt 0:20:06]} 8. a3 {[%emt 0:05:20]} b6 {[%emt 0:00:56]} 9. h4 {[%emt 0:04:53]} Bf6 {[%emt 0:13:46]} 10. Ng5 {[%emt 0:02:39]} g6 {[%emt 0:00:10]} 11. Ne4 {[%emt 0:10:29]} Bxb2 {[%emt 0:01:52]} 12. Qxb2 {[%emt 0:00:59]} f5 {[%emt 0:08:49]} 13. Ng5 {[%emt 0:01:56]} Qf6 {[%emt 0:05:20]} 14. Qxf6 {[%emt 0:00:49]} Nxf6 {[%emt 0:01:34]} 15. Nc3 {[%emt 0:12:29]} h6 {[%emt 0:06:16]} 16. Nh3 {[%emt 0:04:45]} Nc6 {[%emt 0:03:47]} 17. Nf4 {[%emt 0:01:56]} g5 {[%emt 0:12:27]} 18. hxg5 {[%emt 0:01:44]} hxg5 {[%emt 0:00:01]} 19. Ng6 {[%emt 0:03:39]} Re8 {[%emt 0:00:04]} 20. Bb5 {[%emt 0:01:43]} Bd7 {[%emt 0:01:29]} 21. Bxc6 {[%emt 0:00:12]} Bxc6 {[%emt 0:00:06]} 22. Ne5 {[%emt 0:00:04]} Bxg2 {[%emt 0:05:07]} 23. Rg1 {[%emt 0:02:35]} Bb7 {[%emt 0:01:43]} 24. Rxg5+ {[%emt 0:00:07]} Kf8 {[%emt 0:00:02]} 25. O-O-O {[%emt 0:02:41]} Rac8 {[%emt 0:05:58]} 26. Rdg1 {[%emt 0:03:06]} Rc7 {[%emt 0:00:06]} 27. Nb5 {[%emt 0:00:43]} Rh7 {[%emt 0:00:05]} 28. Ng6+ {[%emt 0:04:22]} Kg7 {[%emt 0:00:25]} 29. Nd6 {[%emt 0:00:06]} Rb8 {[%emt 0:00:03]} 30. Nf4+ {[%emt 0:01:38]} Kf8 {[%emt 0:00:01]} 31. Rg6 {[%emt 0:01:29]} Ke7 {[%emt 0:00:55]} 32. Nc4 {[%emt 0:01:33]} Bd5 {[%emt 0:01:33]} 33. Ne5 {[%emt 0:00:13]} Kd6 {[%emt 0:00:46]} 34. Rxf6 {[%emt 0:02:03]} Kxe5 {[%emt 0:00:01]} 35. Rgg6 {[%emt 0:00:06]} Re8 {[%emt 0:00:59]} 36. Kb2 {[%emt 0:00:01]} Rh2 {[%emt 0:00:20]} 37. Kc3 {[%emt 0:00:02]} Kd6 {[%emt 0:00:45]} 38. Rxf5 {[%emt 0:00:10]} Be4 {[%emt 0:00:26]} 39. Rff6 {[%emt 0:01:48]} Bxg6 {[%emt 0:00:02]} 40. Nxg6 {[%emt 0:00:02]} Kd5 {[%emt 0:01:01]} 41. Rf7 {[%emt 0:00:43]} e5 {[%emt 0:00:30]} 42. f4 {[%emt 0:02:18]} exf4 {[%emt 0:00:01]} 43. Nxf4+ {[%emt 0:00:06]} Kc6 {[%emt 0:00:02]} 44. Rxa7 {[%emt 0:00:08]} Rd8 {[%emt 0:00:35]} 45. d3 {[%emt 0:00:16]} Re8 {[%emt 0:01:19]} 46. e4 {[%emt 0:00:28]} Rf8 {[%emt 0:00:31]} 47. Nd5 {[%emt 0:00:44]} Rff2 {[%emt 0:00:06]} 48. Rc7+ {[%emt 0:00:22]} Kd6 {[%emt 0:00:01]} 49. Kc4 {[%emt 0:00:25]} Rc2+ {[%emt 0:01:15]} 50. Kb5 {[%emt 0:00:01]} Rhd2 {[%emt 0:00:33]} 51. Rc6+ {[%emt 0:00:21]} Ke5 {[%emt 0:00:21]} 52. Ne3 {[%emt 0:01:30]} Rxd3 {[%emt 0:00:48]} 53. Nxc2 {[%emt 0:00:04]} Rxb3+ {[%emt 0:00:02]} 54. Kc4 {[%emt 0:00:34]} Rb2 {[%emt 0:00:23]} 55. Kc3 {[%emt 0:00:37]} Rb1 {[%emt 0:00:08]} 56. Ne3 {[%emt 0:04:01]} Kxe4 {[%emt 0:01:01]} 57. Re6+ {[%emt 0:00:19]} Kf3 {[%emt 0:00:46]} 58. Nc4 {[%emt 0:03:38]} Rc1+ {[%emt 0:00:04]} 59. Kd3 {[%emt 0:00:02]} b5 {[%emt 0:00:14]} 60. Rf6+ {[%emt 0:00:01]} Kg3 {[%emt 0:00:12]} 61. Nd2 {[%emt 0:00:30]} Ra1 {[%emt 0:00:58]} 62. Ra6 {[%emt 0:00:18]} Kf4 {[%emt 0:01:01]} 63. Kc2 {[%emt 0:00:19]} Ra2+ {[%emt 0:00:20]} 64. Kc1 {[%emt 0:00:05]} Ke3 {[%emt 0:00:50]} 65. Rh6 {[%emt 0:05:30]} b4 {[%emt 0:00:31]} 66. Nc4+ {[%emt 0:00:29]} Kd4 {[%emt 0:00:28]} 67. Rh4+ {[%emt 0:01:56]} Kc3 {[%emt 0:00:01]} 68. Kb1 {[%emt 0:00:46]} Re2 {[%emt 0:00:43]} 69. axb4 {[%emt 0:00:30]} Re1+ {[%emt 0:00:46]} 70. Ka2 {[%emt 0:00:07]} cxb4 {[%emt 0:00:05]} 71. Na5 {[%emt 0:00:35]} Re2+ {[%emt 0:00:35]} 72. Kb1 {[%emt 0:00:01]} Re1+ {[%emt 0:00:53]} 73. Ka2 1/2-1/2

[Event "CAT-chT 2020"]
[Site "Catalonia"]
[Date "2020.02.08"]
[Round "4.5"]
[White "Milliet, Sophie"]
[Black "Gomez Jurado, Luis Alberto"]
[Result "1-0"]
[WhiteElo "2390"]
[BlackElo "2221"]
[Annotator "ChessBase"]
[PlyCount "67"]
[EventDate "2020.01.18"]
[EventType "team-tourn"]
[EventCountry "ESP"]
[SourceTitle "playchess.com"]
[Source "ChessBase"]
[SourceQuality "1"]
[TimeControl "5400+30"]

1. e4 c6 2. d4 d5 3. Nc3 dxe4 4. Nxe4 Bf5 5. Ng3 Bg6 6. h4 h6 7. Nf3 Nd7 8. Bd3 Bxd3 9. Qxd3 Ngf6 10. Bd2 e6 11. O-O-O Be7 12. Kb1 O-O 13. Nf1 c5 14. g4 Nxg4 15. Qe2 Ndf6 16. Rg1 Kh8 17. Ne5 h5 18. Ne3 cxd4 19. N3xg4 hxg4 20. Bg5 Rc8 21. c3 Nd5 22. Bxe7 Qxe7 23. Rxd4 Qf6 24. Rdxg4 Qf5+ 25. Ka1 Nf4 26. Qe3 f6 27. Nd7 Nd5 28. Qg3 Rg8 29. Rxg7 Ne7 30. h5 Rcd8 31. h6 Qh5 32. h7 Rge8 33. Rxe7 Rxe7 34. Qg8+ 1-0